00819nam a22002177a 4500003000500000005001700005008004100022010001000063011001000073035001000083040000900093100003500102245015100137260003900288300003000327502009800357650003700455650004000492650003600532650003300568CHAP20220817043402.0971013s1979 mx a r 00010 spa d a73975 a74947 a84506 cCHAP00aGarza Flores, Jesús Alberto.1 aBases para la aplicación de inversiones públicas para el desarrollo del ejido Agua de la Mula, municipio de General Cepeda, estado de Coahuila aMonterrey, N.L. :bEl autor,c1979 a91 h.b: gráfs. ; mapas aTesis (Ing. Agrónomo Fitotecnista) -- Univ. Autónoma de Nuevo León. Fac. de Agronomía14aAgriculturaxFinanzasxCoahuila.14aCoahuilaxCondiciones económicas.14aCoahuilaxCondiciones sociales.14aEjido Agua de la Mula, Coah.